[Event "EU-ch Hybrid U16 Girls"]
[Site "Tornelo INT"]
[Date "2021.10.15"]
[Round "4"]
[White "Striskova, Lucia"]
[Black "Hakobyan, Astghik"]
[Result "1/2-1/2"]
[WhiteElo "1923"]
[BlackElo "2017"]
[PlyCount "112"]
[EventDate "2021.10.15"]
[EventType "swiss"]
[EventRounds "9"]
[EventCountry "NET"]
[SourceTitle "EXT 2023"]
[Source "ChessBase"]
[SourceDate "2022.10.05"]
[SourceVersion "1"]
[SourceVersionDate "2022.10.05"]
[SourceQuality "1"]
[WhiteTeam "Slovakia"]
[BlackTeam "Armenia"]
[WhiteTeamCountry "SVK"]
[BlackTeamCountry "ARM"]

1. e4 c6 2. d4 d5 3. Nc3 dxe4 4. Nxe4 Nf6 5. Nxf6+ exf6 6. c3 Bd6 7. Bd3 0-0 8. Qc2 Re8+ 9. Ne2 h5 10. Be3 Nd7 11. 0-0-0 Nf8 12. h3 Be6 13. Kb1 b5 14. g4 h4 15. Rhg1 Qd7 16. Bc1 Bc4 17. Bxc4 bxc4 18. Nf4 Bxf4 19. Bxf4 Ng6 20. Bc1 Qd5 21. f4 Re4 22. f5 Nf8 23. Qf2 Rae8 24. Qxh4 Qxf5 25. gxf5 Rxh4 26. Rde1 Rxe1 27. Rxe1 Rxh3 28. Re8 g5 29. fxg6 fxg6 30. Rc8 g5 31. Rxc6 Kf7 32. Rxc4 Ke6 33. Kc2 Nd7 34. Ra4 g4 35. d5+ Kxd5 36. Rxg4 Ne5 37. Rd4+ Ke6 38. b4 f5 39. a4 Rh2+ 40. Rd2 Rh4 41. Re2 f4 42. Rf2 f3 43. Be3 Rh7 44. Bd4 Rf7 45. Rf1 Nc4 46. Bxa7 Rxa7 47. Rxf3 Rxa4 48. Kb3 Nd2+ 49. Kxa4 Nxf3 50. Kb5 Ne5 51. Ka6 Kd6 52. b5 Nd7 53. Kb7 Kc5 54. c4 Nb6 55. Ka6 Nxc4 56. b6 Nxb6 1/2-1/2

[Event "ARM-ch (Women) 76th"]
[Site "Yerevan"]
[Date "2021.02.24"]
[Round "8"]
[White "Hakobyan, Astghik"]
[Black "Khachatryan, Anna"]
[Result "1-0"]
[WhiteElo "1820"]
[BlackElo "2086"]
[PlyCount "53"]
[EventDate "2021.02.16"]
[EventType "tourn"]
[EventRounds "9"]
[EventCountry "ARM"]
[SourceTitle "CBM 200 Extra"]
[Source "ChessBase"]
[SourceDate "2021.03.31"]
[SourceVersion "1"]
[SourceVersionDate "2021.03.31"]
[SourceQuality "1"]

1. e4 c5 2. Nf3 d6 3. d4 cxd4 4. Nxd4 Nf6 5. Nc3 a6 6. Be3 Ng4 7. Bc1 Nf6 8. f3 e6 9. Be3 b5 10. Qd2 Nbd7 11. g4 Nb6 12. a4 Nc4 13. Bxc4 bxc4 14. a5 Bb7 15. Na4 Nd7 16. 0-0-0 Rc8 17. Qc3 d5 18. exd5 Bxd5 19. Nf5 Qf6 20. Qd2 Bc6 21. Bg5 Qe5 22. Rhe1 c3 23. Nxc3 Qxa5 24. Qd4 Bb4 25. Nxg7+ Kf8 26. Nxe6+ Kg8 27. Qg7# 1-0

[Event "ARM-ch (Women) 76th"]
[Site "Yerevan"]
[Date "2021.02.22"]
[Round "6"]
[White "Hakobyan, Astghik"]
[Black "Mkrtchyan, Mariam"]
[Result "1-0"]
[WhiteElo "1820"]
[BlackElo "2075"]
[PlyCount "83"]
[EventDate "2021.02.16"]
[EventType "tourn"]
[EventRounds "9"]
[EventCountry "ARM"]
[SourceTitle "CBM 200 Extra"]
[Source "ChessBase"]
[SourceDate "2021.03.31"]
[SourceVersion "1"]
[SourceVersionDate "2021.03.31"]
[SourceQuality "1"]

1. e4 c5 2. Nf3 Nc6 3. d4 cxd4 4. Nxd4 e5 5. Nb5 d6 6. N1c3 a6 7. Na3 Be7 8. Nd5 Nf6 9. Nxf6+ Bxf6 10. Nc4 0-0 11. Be3 Be6 12. Bb6 Qe7 13. Qxd6 Nb4 14. Qxe7 Bxe7 15. Ne3 Rac8 16. c3 Nc6 17. Be2 g6 18. 0-0 f5 19. Bf3 f4 20. Nd5 h5 21. Rfd1 Kf7 22. Rd2 Rh8 23. Bd1 g5 24. Bb3 g4 25. Rad1 Bg5 26. Rd3 h4 27. g3 hxg3 28. fxg3 Rh6 29. Rf1 Rch8 30. gxf4 exf4 31. Nxf4 Bxb3 32. axb3 Rf6 33. Bc7 Re8 34. Rd7+ Kg8 35. Nh5 Rg6 36. Rff7 Be7 37. Rf5 Re6 38. Ng3 Bh4 39. Rf4 Rg6 40. Rd6 Rg7 41. Nf5 Rf8 42. Nh6+ 1-0

[Event "ARM-ch (Women) 76th"]
[Site "Yerevan"]
[Date "2021.02.16"]
[Round "1"]
[White "Hakobyan, Astghik"]
[Black "Gevorgyan, Maria"]
[Result "0-1"]
[WhiteElo "1820"]
[BlackElo "2228"]
[PlyCount "80"]
[EventDate "2021.02.16"]
[EventType "tourn"]
[EventRounds "9"]
[EventCountry "ARM"]
[SourceTitle "CBM 200 Extra"]
[Source "ChessBase"]
[SourceDate "2021.03.31"]
[SourceVersion "1"]
[SourceVersionDate "2021.03.31"]
[SourceQuality "1"]

1. e4 c5 2. Nf3 Nc6 3. d4 cxd4 4. Nxd4 g6 5. c4 Nf6 6. Nc3 d6 7. f3 Bg7 8. Be3 Bd7 9. Qd2 a5 10. Be2 a4 11. 0-0 0-0 12. Rac1 Nxd4 13. Bxd4 Qa5 14. Qe3 Rfc8 15. Bb6 Qb4 16. Rb1 Rc6 17. Nb5 Bh6 18. Qf2 Be6 19. b3 axb3 20. Rxb3 Qd2 21. Bd4 Rxa2 22. Nc3 Rc2 23. Rd1 Rc1 24. Rxb7 Bxc4 25. Rf1 Rxf1+ 26. Bxf1 Bxf1 27. Kxf1 Qxf2+ 28. Kxf2 e5 29. Ne2 exd4 30. Nxd4 Rc4 31. Nb5 Rc2+ 32. Kf1 Be3 33. Nxd6 Rf2+ 34. Ke1 Rxg2 35. Nxf7 Nh5 36. Ne5 Nf4 37. Rb8+ Kg7 38. Rb7+ Kf8 39. Rb8+ Ke7 40. Rb7+ Ke6 0-1

[Event "EU-ch Online U16 Girls"]
[Site "Tornelo INT"]
[Date "2020.09.19"]
[Round "4"]
[White "Yedigaryan, Asya"]
[Black "Hakobyan, Astghik"]
[Result "0-1"]
[WhiteElo "1696"]
[BlackElo "1922"]
[PlyCount "142"]
[EventDate "2020.09.18"]
[EventType "swiss (rapid)"]
[EventRounds "9"]
[EventCountry "NET"]
[SourceTitle "EXT 2023"]
[Source "ChessBase"]
[SourceDate "2022.10.05"]
[SourceVersion "1"]
[SourceVersionDate "2022.10.05"]
[SourceQuality "1"]
[WhiteTeam "Armenia"]
[BlackTeam "Armenia"]
[WhiteTeamCountry "ARM"]
[BlackTeamCountry "ARM"]

1. e4 e6 2. d4 d5 3. Nc3 Bb4 4. exd5 exd5 5. Bd3 Ne7 6. Qh5 Qd6 7. Nge2 Ng6 8. 0-0 c6 9. f4 Nd7 10. f5 Nf6 11. Qf3 Ne7 12. Bf4 Qd8 13. Be5 Bd6 14. Ng3 Qc7 15. Qf4 Bxe5 16. dxe5 Nd7 17. Rae1 Nc5 18. Qg5 g6 19. e6 Bxe6 20. fxe6 fxe6 21. b4 Nxd3 22. cxd3 Qd6 23. Qf6 Kd7 24. Qe5 a5 25. Qxd6+ Kxd6 26. bxa5 Nf5 27. Nxf5+ gxf5 28. Rb1 Rhb8 29. Rf4 Rxa5 30. Rfb4 Ra3 31. R1b3 Rxb3 32. axb3 e5 33. Kf2 d4 34. Ne2 b5 35. Nxd4 exd4 36. Rxd4+ Ke5 37. Rd7 Ra8 38. Rc7 Kd5 39. Ke3 Ra3 40. Rxh7 Rxb3 41. Rd7+ Ke6 42. Rc7 Kd6 43. Rf7 Ke6 44. Rc7 Kd5 45. Rd7+ Ke6 46. Rc7 Kd6 47. Rf7 Rb2 48. Rxf5 Rxg2 49. h4 Rh2 50. h5 Ke6 51. Rc5 Kd6 52. Rg5 b4 53. Kf4 b3 54. Rg8 Rxh5 55. Rg1 Kc5 56. Ke3 Rh2 57. Rb1 Kb4 58. Kd4 c5+ 59. Kd5 Rd2 60. Ke4 b2 61. Ke3 Rc2 62. d4 c4 63. d5 Kc5 64. Ke4 Re2+ 65. Kf3 Rc2 66. Ke4 Rd2 67. Ke3 Rc2 68. Ke4 Rh2 69. Ke5 c3 70. d6 Re2+ 71. Kf4 Kxd6 0-1

[Event "EU-ch Online U16 Girls"]
[Site "Tornelo INT"]
[Date "2020.09.18"]
[Round "3"]
[White "Hakobyan, Astghik"]
[Black "Ismayil, Malak"]
[Result "1/2-1/2"]
[WhiteElo "1922"]
[BlackElo "1812"]
[PlyCount "120"]
[EventDate "2020.09.18"]
[EventType "swiss (rapid)"]
[EventRounds "9"]
[EventCountry "NET"]
[SourceTitle "EXT 2023"]
[Source "ChessBase"]
[SourceDate "2022.10.05"]
[SourceVersion "1"]
[SourceVersionDate "2022.10.05"]
[SourceQuality "1"]
[WhiteTeam "Armenia"]
[BlackTeam "Azerbaijan"]
[WhiteTeamCountry "ARM"]
[BlackTeamCountry "AZE"]

1. e4 e5 2. Nf3 Nc6 3. d4 exd4 4. Nxd4 Bc5 5. Be3 Qf6 6. c3 Nge7 7. Bc4 b6 8. 0-0 0-0 9. Qd2 Ne5 10. Be2 d5 11. f4 Ng4 12. e5 Qh4 13. Bxg4 Qxg4 14. b4 Bxd4 15. cxd4 Bf5 16. Nc3 c6 17. Rac1 Rac8 18. Rf3 Be4 19. Rg3 Qe6 20. Bf2 Bg6 21. Rh3 Rfd8 22. Ne2 Rd7 23. Rhc3 Rdc7 24. h3 h5 25. b5 Qd7 26. bxc6 Rxc6 27. Kh2 Kf8 28. Be1 a5 29. Qb2 Rxc3 30. Rxc3 Rxc3 31. Nxc3 Qc6 32. Qa3 Ke8 33. Qb3 Bd3 34. Nxd5 Nxd5 35. Qxd3 Nxf4 36. Qg3 Ne6 37. Bc3 Qd5 38. Qf2 b5 39. Bxa5 Qxd4 40. Qe2 Qf4+ 41. Kh1 Qc1+ 42. Kh2 Qf4+ 43. Kg1 Qc1+ 44. Kh2 Qf4+ 45. Kh1 Qc1+ 46. Kh2 Qf4+ 47. Kh1 Qc1+ 48. Kh2 Qf4+ 49. Kh1 Qc1+ 50. Kh2 Qf4+ 51. Kh1 Qc1+ 52. Kh2 Qf4+ 53. Kh1 Qc1+ 54. Kh2 Qf4+ 55. Kh1 Qc1+ 56. Kh2 Qf4+ 57. Kh1 Qc1+ 58. Kh2 Qf4+ 59. Kh1 Qc1+ 60. Kh2 Qf4+ 1/2-1/2

[Event "EU-ch Online U16 Girls"]
[Site "Tornelo INT"]
[Date "2020.09.18"]
[Round "1"]
[White "Hakobyan, Astghik"]
[Black "Kongskov, Andrea"]
[Result "1-0"]
[WhiteElo "1922"]
[BlackElo "1608"]
[PlyCount "59"]
[EventDate "2020.09.18"]
[EventType "swiss (rapid)"]
[EventRounds "9"]
[EventCountry "NET"]
[SourceTitle "EXT 2023"]
[Source "ChessBase"]
[SourceDate "2022.10.05"]
[SourceVersion "1"]
[SourceVersionDate "2022.10.05"]
[SourceQuality "1"]
[WhiteTeam "Armenia"]
[BlackTeam "Denmark"]
[WhiteTeamCountry "ARM"]
[BlackTeamCountry "DEN"]

1. e4 c5 2. Nf3 d6 3. d4 cxd4 4. Nxd4 Nf6 5. Nc3 a6 6. Be3 Nc6 7. f3 g6 8. Qd2 Bg7 9. 0-0-0 0-0 10. h4 h5 11. Bh6 Qb6 12. Nb3 Be6 13. g4 hxg4 14. h5 Ne5 15. Bxg7 Kxg7 16. hxg6 Rh8 17. Rxh8 Rxh8 18. fxg4 Bxg4 19. Be2 Bxe2 20. Qxe2 Nxg6 21. Nd4 Nf4 22. Qf2 Qa5 23. Qxf4 b5 24. Nf5+ Kf8 25. Nxe7 Ne8 26. Ng6+ Kg7 27. Nxh8 Kxh8 28. Qh6+ Kg8 29. Rg1+ Ng7 30. Qxg7# 1-0

[Event "EU-ch Online U16 Girls"]
[Site "Tornelo INT"]
[Date "2020.09.18"]
[Round "2"]
[White "Koc, Azra Ece"]
[Black "Hakobyan, Astghik"]
[Result "0-1"]
[WhiteElo "1734"]
[BlackElo "1922"]
[PlyCount "68"]
[EventDate "2020.09.18"]
[EventType "swiss (rapid)"]
[EventRounds "9"]
[EventCountry "NET"]
[SourceTitle "EXT 2023"]
[Source "ChessBase"]
[SourceDate "2022.10.05"]
[SourceVersion "1"]
[SourceVersionDate "2022.10.05"]
[SourceQuality "1"]
[WhiteTeam "Turkey"]
[BlackTeam "Armenia"]
[WhiteTeamCountry "TUR"]
[BlackTeamCountry "ARM"]

1. d4 Nf6 2. Bf4 g6 3. Nc3 Bg7 4. e4 d6 5. Qd2 Nbd7 6. 0-0-0 0-0 7. Bh6 c5 8. Bxg7 Kxg7 9. e5 Ne8 10. f4 cxd4 11. Qxd4 Qb6 12. Nf3 Qxd4 13. Rxd4 dxe5 14. fxe5 f6 15. exf6+ Nexf6 16. Bc4 e5 17. Rd6 Nb6 18. Bb3 e4 19. Ng5 Bf5 20. h3 h6 21. Ne6+ Bxe6 22. Rxe6 Rae8 23. Rxe8 Rxe8 24. Re1 Re5 25. a4 a6 26. Kd2 Nbd7 27. g4 b5 28. Ke3 h5 29. gxh5 Rxh5 30. Nxe4 Nxe4 31. Kd4 Nec5 32. Re7+ Kf8 33. Rf7+ Ke8 34. Ba2 Rh4+ 0-1